000 00584nam a2200181Ia 4500
001 16923
005 20260306170347.0
008 260306t2014||||xx |||||||||||||| ||und||
041 _aESP
082 _a657.3
_bI61 P. B
100 _aInternational Financial Reporting Standard
_eAUT
245 0 _aInternational Financial Reporting Standards:
_brequired for annual reporting periods beginning on 1 January 2014. This edition published in two parts. Parte B
260 _c2014
300 _aB2155 páginas :
_c25 cm.
650 _aGEN
654 _aCCO
942 _cLIB
_dJUS
_fJUS
_2ddc
_n
999 _c16923
_d16923